000 00375 a2200157 4500
001 75231
020 _a85-60630-16-5
040 _cAnchieta - Colégio São Paulo
100 _aNogueira, Marcos Aurélio
240 1 0 _aAfro-Indígena:
_lpor
245 1 0 _aAfro-Indígena:
300 _a96
362 0 _a2015
650 4 _aGrupo por nacioanildade, etinia, raça
942 _cBK
999 _c75231
_d75231